Statistics for Bundesliga (German soccer league) winners quiz

Click here to take the quiz!

General Stats

  • This quiz has been taken 164 times
  • The average score is 8 of 16

Answer Stats

Times wonTeam name% Correct
27Bayern Munich
99%
8Borussia Dortmund
99%
7Schalke 04
79%
4Werder Bremen
75%
5VfB Stuttgart
66%
31. FC Köln
62%
5Borussia Mönchengladbach
58%
2Hertha Berlin SC
52%
91. FC Nuremberg
49%
6Hamburger SV
45%
41. FC Kaiserslautern
41%
2Hannover 96
37%
3Locomotive Leipzig
36%
3Greuther Fürth
14%
2Dresdner SC
2%
2Viktoria 89 Berlin
1%

Score Distribution

Percentile by Number Answered

Percent of People with Each Score

Your Score History

You have not taken this quiz